[Event "36th Olympiad w"]
[Site "Calvia ESP"]
[Date "2004.10.23"]
[Round "8"]
[White "Anhchimeg,B"]
[Black "Le Thi Phuong Lien"]
[Result "1-0"]
[WhiteElo "2235"]
[BlackElo "2249"]
[EventDate "2004.10.15"]

1. e4 e5 2. Nf3 Nf6 3. Nxe5 d6 4. Nf3 Nxe4 5. d4 d5 6. Bd3 Be7 7. O-O Nc6
8. c4 Nb4 9. Be2 O-O 10. Nc3 Bf5 11. a3 Nxc3 12. bxc3 Nc6 13. Re1 Bf6 14.
Bf4 dxc4 15. Bxc4 Na5 16. Ba2 c5 17. Ne5 Rc8 18. Rc1 cxd4 19. cxd4 Nc6 20.
d5 Nxe5 21. Bxe5 Bxe5 22. Rxe5 Qf6 23. Re1 g6 24. Qb3 b6 25. h3 Rfd8 26.
Qb4 Rxc1 27. Rxc1 Qg5 28. Rc7 Bxh3 29. Qe4 Qg4 30. Qxg4 Bxg4 31. Rxa7 Rd6
32. f3 Bd7 33. Kf2 Kg7 34. Ke3 h5 35. Kd4 Kf6 36. Bc4 h4 37. a4 g5 38. Bb5
Bf5 39. Rb7 g4 40. fxg4 Bxg4 41. Bc6 Bd1 42. Rxb6 Bxa4 43. Kc5 Ke5 44. Rb1
Rg6 45. Bxa4 Rxg2 46. Rh1 Ra2 47. Rxh4 f5 48. d6 Rd2 49. d7 Ke6 50. Rd4 1-0

[Event "36th Olympiad w"]
[Site "Calvia ESP"]
[Date "2004.10.23"]
[Round "8"]
[White "Hoang Xuan Thanh Khiet"]
[Black "Batceceg,T"]
[Result "0-1"]
[WhiteElo "2144"]
[BlackElo "2209"]
[EventDate "2004.10.15"]

1. e4 c5 2. Nf3 d6 3. d4 cxd4 4. Nxd4 Nf6 5. Nc3 Nc6 6. Be2 e5 7. Nb3 Be7
8. Be3 Be6 9. O-O O-O 10. Qd2 a5 11. a4 Nb4 12. Rfd1 Qc7 13. Rac1 b6 14.
Bf3 Rac8 15. Bg5 Rfd8 16. Na1 h6 17. Bxf6 Bxf6 18. Qe1 Bg5 19. Rb1 Qd7 20.
g3 Bg4 21. Qe2 Bxf3 22. Qxf3 Rc4 23. Nb5 Qe6 24. b3 Rc6 25. h4 Be7 26. c3
Na6 27. Nc2 Nc5 28. Ne3 Rcc8 29. Nd5 Rb8 30. Na7 Qd7 31. Nxe7+ Qxe7 32. Nc6
Qc7 33. Nxb8 Rxb8 34. Re1 Rd8 35. Qd1 Qc6 36. Qd5 Qxd5 37. exd5 Rc8 38. Re3
f5 39. f3 Kf7 40. Kf1 g5 41. hxg5 hxg5 42. Kg2 f4 43. gxf4 gxf4 44. Re2
Rg8+ 45. Kh2 Kf6 46. Rg2 Rc8 47. Ra2 Nd3 48. c4 Kf5 49. Re2 Rg8 50. Rg1
Rxg1 51. Kxg1 Nc5 52. Rb2 e4 53. fxe4+ Kxe4 54. Re2+ Kf5 55. Rh2 Ke5 56.
Rh6 Nb7 57. Rh7 Nc5 58. Rh6 Nb7 59. Rh7 Nc5 60. Rh6 Nb7 61. Kf2 Kd4 62. Rf6
Kc3 63. Rf7 Nc5 64. Kf3 Kxb3 65. Rf6 Kxc4 66. Rxd6 Nxa4 67. Rd8 Nc5 68. d6
Kd5 69. Rb8 Nd7 70. Rb7 Kxd6 71. Kxf4 Kc6 72. Ra7 Nc5 73. Ke3 Kb5 74. Kd4
Kb4 75. Rh7 a4 76. Rh6 b5 77. Kd5 Nd3 78. Rb6 a3 79. Kc6 Ne5+ 80. Kd5 Nc4
81. Ra6 Na5 82. Rh6 a2 83. Rh1 Ka3 84. Kc5 b4 85. Kb5 Nb3 86. Rh8 Nd4+ 87.
Kc4 b3 88. Ra8+ Kb2 89. Kxd4 a1=Q 0-1

[Event "36th Olympiad w"]
[Site "Calvia ESP"]
[Date "2004.10.23"]
[Round "8"]
[White "Muzychuk,A"]
[Black "Siti,Z"]
[Result "1/2-1/2"]
[WhiteElo "2383"]
[BlackElo "2162"]
[EventDate "2004.10.15"]

1. e4 c5 2. Nf3 Nc6 3. Bb5 g6 4. O-O Bg7 5. Bxc6 bxc6 6. h3 d6 7. c3 Nf6 8.
Re1 O-O 9. e5 Nd5 10. exd6 exd6 11. d3 h6 12. Na3 Kh7 13. Qa4 Bd7 14. Bf4
Qf6 15. Bg3 Rfc8 16. Nd2 Nb6 17. Qd1 Bf5 18. Ndc4 Bf8 19. Qf3 Nd5 20. Na5
Be6 21. Qxf6 Nxf6 22. N3c4 Ne8 23. b3 Rc7 24. Rac1 Rac8 25. Red1 Rd7 26. d4
cxd4 27. cxd4 Nf6 28. Ne3 Rdc7 29. Rc2 Nd5 30. Nxd5 cxd5 31. Rxc7 Rxc7 32.
Rd2 Kg7 33. Kf1 Kf6 34. Ke2 Ke7 35. Kd1 Bg7 36. Rc2 Kd7 37. Rd2 Bf5 38. f3
Bf6 39. Bf4 g5 40. Be3 Bd8 41. b4 Rc3 42. Ke2 Ra3 43. Rb2 Bd3+ 44. Kf2 Bb5
45. Nb3 Bb6 46. f4 f6 47. fxg5 fxg5 48. h4 gxh4 49. Bxh6 Bd8 50. Bc1 Bf6
51. Rc2 Ra4 52. a3 Bc4 53. Rc3 Ra6 54. Be3 Rc6 55. Nd2 Rc8 56. Rc1 a6 57.
Nf3 Rg8 58. Rh1 Rg4 59. a4 Bd8 60. Rb1 Kc6 61. Rh1 Bf6 62. Kg1 Bb3 63. b5+
axb5 64. axb5+ Kxb5 65. Bf2 Bc2 66. Bxh4 Bxd4+ 67. Nxd4+ Rxd4 68. Bg3 Rd1+
69. Kh2 Rxh1+ 70. Kxh1 Kc5 71. Kg1 d4 72. Kf2 d5 73. Bf4 1/2-1/2

[Event "36th Olympiad w"]
[Site "Calvia ESP"]
[Date "2004.10.23"]
[Round "8"]
[White "Nur Shazwani,Z"]
[Black "Srebrnic,A"]
[Result "0-1"]
[WhiteElo "2062"]
[BlackElo "2245"]
[EventDate "2004.10.15"]

1. e4 e5 2. Nf3 Nf6 3. Nxe5 d6 4. Nf3 Nxe4 5. d4 d5 6. Bd3 Be7 7. O-O Nc6
8. c4 Nb4 9. Nc3 Nxc3 10. bxc3 Nxd3 11. Qxd3 dxc4 12. Qxc4 O-O 13. Re1 c6
14. Bf4 Be6 15. Qe2 Qa5 16. Qc2 Rfe8 17. Be5 Bd5 18. Re3 f6 19. Bg3 Bf8 20.
Nd2 Bf7 21. a4 Qd5 22. Rae1 c5 23. Nf3 cxd4 24. cxd4 Rec8 25. Qb2 Rc4 26.
Rb3 b6 27. Rb5 Qc6 28. Ra1 Rc2 29. Qb1 Rc8 30. h3 Rc1+ 31. Qxc1 Qxc1+ 32.
Rxc1 Rxc1+ 33. Kh2 Bc4 34. Rb2 Ba3 35. Rd2 Bb4 36. Bf4 Bxd2 37. Bxd2 Ra1
38. a5 bxa5 39. Bc3 Ra3 40. Be1 Bd5 41. Ng1 Ra2 42. h4 a4 43. Nh3 Bc4 44.
Nf4 g5 45. Nh5 Kf7 46. hxg5 fxg5 47. Ng3 Bd3 48. d5 a3 49. d6 Ke6 50. Bb4
a5 51. Bc5 Ra1 52. Nh5 a2 53. Ng7+ Kd7 0-1

[Event "36th Olympiad w"]
[Site "Calvia ESP"]
[Date "2004.10.23"]
[Round "8"]
[White "Krivec,J"]
[Black "Roslina,M"]
[Result "1-0"]
[WhiteElo "2214"]
[BlackElo "2028"]
[EventDate "2004.10.15"]

1. e4 e6 2. d4 d5 3. e5 c5 4. c3 Nc6 5. Nf3 Qb6 6. Bd3 cxd4 7. cxd4 Bd7 8.
Nc3 a6 9. O-O Nxd4 10. Nxd4 Qxd4 11. Qe2 Qh4 12. f4 Bc5+ 13. Be3 Bxe3+ 14.
Qxe3 g6 15. Rf3 Qd8 16. Rd1 Bc6 17. Bc2 Qa5 18. Qd4 Rc8 19. a4 Bd7 20. b4
Qd8 21. Bb3 Ne7 22. g4 Nc6 23. Qf2 b5 24. Bxd5 exd5 25. Nxd5 Nb8 26. Nf6+
Kf8 27. Rfd3 Rc7 28. Qd2 Rc4 29. Qf2 Rc7 30. Qh4 Kg7 31. g5 h5 32. gxh6+
Rxh6 33. Nh5+ 1-0

[Event "36th Olympiad w"]
[Site "Calvia ESP"]
[Date "2004.10.23"]
[Round "8"]
[White "Ramon,V"]
[Black "Popova,N"]
[Result "1/2-1/2"]
[WhiteElo "2251"]
[BlackElo "2246"]
[EventDate "2004.10.15"]

1. d4 d5 2. c4 c6 3. Nc3 Nf6 4. e3 a6 5. Nf3 b5 6. b3 Bg4 7. Be2 e6 8. O-O
Be7 9. Bb2 Nbd7 10. h3 Bh5 11. cxd5 cxd5 12. Ne5 Bxe2 13. Nxe2 Rc8 14. Rc1
Bd6 15. Qd3 O-O 16. Rxc8 Qxc8 17. Rc1 Qb8 18. Nxd7 Nxd7 19. Rc6 Nb6 20. Qc3
b4 21. Qc2 Rc8 22. f3 Rxc6 23. Qxc6 Qc7 24. Qxc7 Bxc7 25. e4 Kf8 26. Kf2
Nd7 27. Ke3 Ke7 28. Nc1 Nb8 29. Nd3 Nc6 30. Nc5 a5 31. Nd3 Bb6 32. exd5
exd5 33. Nf4 Kd6 34. Kd3 g6 35. Ne2 Bd8 36. Bc1 Bf6 37. Bf4+ Kd7 38. g4 Na7
39. Bg3 Nb5 40. h4 Kc6 41. h5 gxh5 42. gxh5 Na7 43. Be5 Bh4 44. Bg7 Nc8 45.
Bf8 Nb6 46. Ke3 Nd7 47. Bg7 Nf6 48. Bxf6 Bxf6 49. Kf4 Kd6 50. Kf5 Bg7 51.
f4 Ke7 52. Kg5 h6+ 53. Kg4 Ke6 54. f5+ Kd6 55. Kf4 Bf6 56. Kg4 Bg7 57. Kf4
1/2-1/2

[Event "36th Olympiad w"]
[Site "Calvia ESP"]
[Date "2004.10.23"]
[Round "8"]
[White "Lujan,C"]
[Black "Zapata,K"]
[Result "1-0"]
[WhiteElo "2325"]
[BlackElo "2162"]
[EventDate "2004.10.15"]

1. e4 c6 2. d4 d5 3. exd5 cxd5 4. c4 Nf6 5. Nc3 Nc6 6. Nf3 Bg4 7. cxd5 Nxd5
8. Qb3 Bxf3 9. gxf3 Nxd4 10. Bb5+ Nxb5 11. Qxb5+ Qd7 12. Qxd7+ Kxd7 13.
Nxd5 e6 14. Nc3 Bd6 15. Be3 Rhc8 16. Ke2 Ke7 17. Rac1 f5 18. Bg5+ Kf7 19.
Rcd1 Be5 20. Rd7+ Kg8 21. Rxb7 a5 22. Bd2 a4 23. a3 Rc4 24. f4 Bf6 25. Rb4
Rc6 26. Rxa4 Re8 27. Re1 h6 28. Rb4 Re7 29. a4 Kf7 30. a5 Ra7 31. Rb6 Rc8
32. Nb5 1-0

[Event "36th Olympiad w"]
[Site "Calvia ESP"]
[Date "2004.10.23"]
[Round "8"]
[White "Calle,M"]
[Black "Burijovich,L"]
[Result "1/2-1/2"]
[WhiteElo "2111"]
[BlackElo "2212"]
[EventDate "2004.10.15"]

1. e4 c5 2. Nf3 Nc6 3. d3 g6 4. g3 Bg7 5. Bg2 d6 6. O-O e6 7. Nbd2 Nge7 8.
h4 O-O 9. h5 Rb8 10. Re1 b5 11. Nf1 b4 12. N1h2 e5 13. Nh4 Nd4 14. Be3 d5
15. c3 bxc3 16. bxc3 Ne6 17. Ng4 d4 18. Bh6 f6 19. c4 gxh5 20. Bxg7 Nxg7
21. Nh6+ Kh8 22. Bf3 Qe8 23. Kg2 Be6 24. Rh1 Rb2 25. Qc1 Qb8 26. Rb1 Rxb1
27. Qxb1 a5 28. Qc2 Qc7 29. Qe2 Ng8 30. Nxg8 Kxg8 31. Bxh5 Rb8 32. Bg4 Qd7
33. Bxe6+ Qxe6 34. Qd2 a4 35. Qh6 Rb7 36. Nf3 Ne8 37. Rh4 Rg7 38. Rh5 Qe7
39. Nh4 Nd6 40. Nf5 Nxf5 41. Rxf5 Rg6 42. Qd2 Qc7 43. Qb2 Kg7 44. Qb5 Qa7
45. a3 Kf7 46. Qc6 Kg7 1/2-1/2

[Event "36th Olympiad w"]
[Site "Calvia ESP"]
[Date "2004.10.23"]
[Round "8"]
[White "Justo,V"]
[Black "Aliaga Fernandez,I"]
[Result "1/2-1/2"]
[WhiteElo "2285"]
[BlackElo "2141"]
[EventDate "2004.10.15"]

1. e4 c5 2. Nf3 d6 3. d4 cxd4 4. Nxd4 Nf6 5. Nc3 a6 6. Be2 e6 7. f4 Qc7 8.
O-O Be7 9. Be3 O-O 10. Bf3 Nc6 11. Kh1 Rb8 12. a4 Na5 13. g4 Nc4 14. Bc1
Re8 15. g5 Nd7 16. Bg2 Bf8 17. Qf3 b6 18. b3 Na5 19. Bb2 Nc6 20. Nxc6 Qxc6
21. Qg3 Bb7 22. Rad1 Qc7 23. Rd2 Rbd8 24. h4 Bc6 25. h5 Qb7 26. Rdf2 b5 27.
axb5 axb5 28. b4 d5 29. exd5 exd5 30. g6 fxg6 31. f5 d4 32. Ne2 Re3 33.
Bxc6 Qxc6+ 34. Qg2 Qxg2+ 35. Rxg2 gxf5 36. Nxd4 Rh3+ 37. Rh2 Rxh2+ 38. Kxh2
Nf6 39. Rxf5 Bxb4 40. Rxb5 Bd6+ 41. Kg2 Rb8 42. Rxb8+ Bxb8 43. Nc6 Bd6 44.
h6 Ne8 45. hxg7 Nxg7 46. Bxg7 Kxg7 47. Nd4 1/2-1/2

[Event "36th Olympiad w"]
[Site "Calvia ESP"]
[Date "2004.10.23"]
[Round "8"]
[White "Yildiz,B"]
[Black "Fierro Baquero,M"]
[Result "0-1"]
[WhiteElo "2131"]
[BlackElo "2333"]
[EventDate "2004.10.15"]

1. d4 Nf6 2. Nf3 g6 3. g3 Bg7 4. Bg2 O-O 5. c4 c6 6. Nc3 d6 7. e4 Qa5 8.
O-O e5 9. h3 Nbd7 10. Be3 Re8 11. Re1 Qb4 12. Qb3 a5 13. Nd2 Ng4 14. d5
Nxe3 15. Rxe3 Nc5 16. Qc2 a4 17. Rd1 Bd7 18. Ree1 Bh6 19. Nf1 Qxc4 20. dxc6
bxc6 21. Rxd6 Reb8 22. Nd2 Qb4 23. Nf3 Bg7 24. Re2 Be8 25. h4 a3 26. Rdd2
axb2 27. Qxb2 Qa5 28. Qc2 Ne6 29. Re1 Rb4 30. Bf1 Rab8 31. Rb1 Bf8 32. Rdd1
Bc5 33. Bc4 Nd4 34. Nxd4 Bxd4 35. Rxb4 Rxb4 36. Bb3 Rxb3 37. Qxb3 Qxc3 38.
Qxc3 Bxc3 39. a4 c5 40. Rd8 Kf8 41. Rc8 Bb4 42. a5 Bxa5 43. Rxc5 Bd8 44.
Rxe5 Bc6 45. Rc5 Bxe4 46. h5 Kg7 47. hxg6 fxg6 48. Rc8 Be7 49. Rc4 Bd5 50.
Rd4 Be6 51. Re4 Kf6 52. Rf4+ Bf5 53. Rf3 h5 54. Rf4 Ke5 55. Ra4 Be4 56.
Ra5+ Bd5 57. Ra4 Bc5 58. Ra6 Be4 59. Ra5 Kd4 60. Ra4+ Kd3 61. Ra5 Bd4 62.
Kf1 Bc3 63. Ra6 g5 64. Rh6 Bf3 65. Rg6 Bd2 66. Rd6+ Kc2 67. Rg6 Be4 68. Rh6
Bf3 69. Rf6 Bg4 70. Kg2 h4 71. Rc6+ Kd1 72. f3 h3+ 73. Kh2 Bxf3 74. Rd6 Ke2
75. Kxh3 Be3 76. Re6 Kf2 77. Re8 g4+ 78. Kh2 Bc5 79. Rd8 Be7 80. Rd2+ Be2
81. Rd7 Bg5 82. Rg7 Bd2 83. Rd7 Be1 84. Rf7+ Bf3 85. Ra7 Bc3 86. Re7 Bd4
87. Re8 Bc5 88. Rd8 Kf1 89. Rd4 Be2 90. Rf4+ Bf2 91. Rf5 0-1

[Event "36th Olympiad w"]
[Site "Calvia ESP"]
[Date "2004.10.23"]
[Round "8"]
[White "Vasquez Ramirez,R"]
[Black "Cinar Corlulu,N"]
[Result "1-0"]
[WhiteElo "2257"]
[BlackElo "2053"]
[EventDate "2004.10.15"]

1. e4 c5 2. Nf3 d6 3. Nc3 g6 4. d4 cxd4 5. Qxd4 Nf6 6. e5 Nc6 7. Bb5 dxe5
8. Qxd8+ Kxd8 9. Bxc6 bxc6 10. Nxe5 Ke8 11. O-O Nd5 12. Nxc6 Nxc3 13. bxc3
Bg7 14. Re1 Be6 15. Nd4 Rc8 16. Rb1 Bd5 17. Rb5 Bxa2 18. Rb7 Bf6 19. Rxa7
Bc4 20. Ba3 e6 21. Rb1 Bd5 22. Nb5 Be5 23. Bd6 Bf6 24. Nc7+ Kd8 25. Nxd5
exd5 26. Rxf7 Bxc3 27. Rbb7 Ra8 28. g3 h5 29. Rbd7+ Ke8 30. Rfe7+ 1-0

[Event "36th Olympiad w"]
[Site "Calvia ESP"]
[Date "2004.10.23"]
[Round "8"]
[White "Topel,Z"]
[Black "Rojas,Je"]
[Result "1-0"]
[WhiteElo "2062"]
[BlackElo "2082"]
[EventDate "2004.10.15"]

1. d4 Nf6 2. Nc3 d5 3. Bg5 Nbd7 4. Nf3 g6 5. Qd2 Bg7 6. Bh6 O-O 7. h4 c6 8.
h5 Re8 9. hxg6 fxg6 10. Bxg7 Kxg7 11. Qh6+ Kg8 12. Ne5 Nf8 13. f3 e6 14.
O-O-O Qc7 15. e3 Qg7 16. Qg5 N8d7 17. Bd3 Nxe5 18. dxe5 Nd7 19. f4 b5 20.
Rh6 Nf8 21. Rdh1 a6 22. Nd1 c5 23. Nf2 c4 24. Be2 Qe7 25. Qg3 Qc7 26. Ng4
Re7 27. Nf6+ Kh8 28. Bh5 g5 29. Qxg5 Rg7 30. Ne8 Qe7 31. Qxg7+ Qxg7 32.
Nxg7 Kxg7 33. Rf6 Ra7 34. Rh3 Ng6 35. Rg3 Bd7 36. Bxg6 hxg6 37. Rfxg6+ Kf7
38. Rg8 1-0

[Event "36th Olympiad w"]
[Site "Calvia ESP"]
[Date "2004.10.23"]
[Round "8"]
[White "Hagesaether,E"]
[Black "Bashkite,V"]
[Result "1/2-1/2"]
[WhiteElo "2188"]
[BlackElo "2206"]
[EventDate "2004.10.15"]

1. e4 c5 2. d3 e6 3. g3 d5 4. Nd2 Nc6 5. Bg2 Nf6 6. Ngf3 Bd6 7. O-O O-O 8.
Re1 Qc7 9. Qe2 dxe4 10. dxe4 e5 11. Nc4 Be7 12. c3 h6 13. Ne3 Be6 14. Nh4
Rfd8 15. Nef5 Bf8 16. g4 g5 17. Nf3 b5 18. Nd2 c4 19. Qf3 Bxf5 20. exf5
Rac8 21. Ne4 Nxe4 22. Qxe4 f6 23. a4 Qa5 24. Be3 a6 25. axb5 Qxb5 26. Rad1
Ne7 27. Rxd8 Rxd8 28. Bf1 Rc8 29. Rd1 Kg7 30. b4 a5 31. Bc5 axb4 32. cxb4
Qa4 33. Rc1 Nc6 34. Bxf8+ Kxf8 35. Rxc4 Ne7 36. b5 Rxc4 37. Bxc4 Qd1+ 38.
Kg2 Nc8 39. Be2 Qd7 40. Qb4+ Qe7 41. Qc4 Nd6 42. Qc6 Qb7 43. Qxb7 Nxb7 44.
b6 Nc5 45. Kf3 Ke7 46. Ke3 Kd6 47. Bf3 Nd7 48. b7 Kc5 49. Kd3 Nb8 50. Kc3
Nd7 51. Kb3 Kb5 52. Be2+ Kc5 53. Kc3 1/2-1/2

[Event "36th Olympiad w"]
[Site "Calvia ESP"]
[Date "2004.10.23"]
[Round "8"]
[White "Piarnpuu,L"]
[Black "Berntsen,S"]
[Result "1-0"]
[WhiteElo "2227"]
[BlackElo "2118"]
[EventDate "2004.10.15"]

1. Nf3 Nf6 2. c4 c6 3. d4 d5 4. cxd5 cxd5 5. Nc3 e6 6. Bf4 a6 7. e3 b5 8.
Bd3 Bd6 9. Bg5 h6 10. Bh4 O-O 11. O-O Nbd7 12. Qe2 Bb7 13. a3 Qb6 14. Rac1
Ne4 15. Nd2 f5 16. f3 Nxc3 17. Rxc3 e5 18. dxe5 Bxe5 19. Rc2 f4 20. Bf2
fxe3 21. Qxe3 Qxe3 22. Bxe3 Rac8 23. Rxc8 Rxc8 24. Bf5 Rc7 25. Rb1 d4 26.
Bf2 Bd5 27. Re1 Bf6 28. Bg3 Rb7 29. Ne4 Be5 30. Nd6 Bxg3 31. hxg3 Rc7 32.
Ne8 Ra7 33. Re7 Kf8 34. Rxd7 Rxd7 35. Bxd7 Ke7 36. Nc7 Bc4 37. Bf5 d3 38.
Kf2 d2 39. Bc2 a5 40. Ke3 Kd7 41. b3 Bf1 42. Nd5 Bxg2 43. Nc3 b4 44. axb4
axb4 45. Ne4 h5 46. Nxd2 g5 47. Bf5+ Ke7 48. Kf2 1-0

[Event "36th Olympiad w"]
[Site "Calvia ESP"]
[Date "2004.10.23"]
[Round "8"]
[White "Ferkingstad,G"]
[Black "Laesson,T"]
[Result "0-1"]
[WhiteElo "2035"]
[BlackElo "2254"]
[EventDate "2004.10.15"]

1. e4 c6 2. d4 g6 3. Nc3 Bg7 4. Be3 d5 5. Qd2 dxe4 6. Nxe4 Bf5 7. Ng3 Nf6
8. Bc4 Nbd7 9. Nxf5 gxf5 10. f3 Nd5 11. Bxd5 cxd5 12. Ne2 Rc8 13. Nf4 e6
14. Nd3 O-O 15. c3 Qe7 16. Bg5 f6 17. Bh4 Qf7 18. Bf2 Nb6 19. Rg1 e5 20.
O-O-O Nc4 21. Qe2 Rfe8 22. Qc2 Bh6+ 23. Kb1 Ne3 24. Bxe3 Bxe3 25. Nf2 exd4
26. Rge1 dxc3 27. Nd3 d4 28. Nb4 a5 29. Nd3 b5 30. b4 axb4 31. Nxb4 Qc4 32.
Qb3 Bd2 33. Rxe8+ Rxe8 34. Nc6 Qxb3+ 35. axb3 d3 0-1

[Event "36th Olympiad w"]
[Site "Calvia ESP"]
[Date "2004.10.23"]
[Round "8"]
[White "Starr,N"]
[Black "Medic,Mir"]
[Result "1/2-1/2"]
[WhiteElo "2191"]
[BlackElo "2237"]
[EventDate "2004.10.15"]

1. e4 e6 2. d4 d5 3. Bd3 c5 4. c3 cxd4 5. cxd4 Nc6 6. Ne2 dxe4 7. Bxe4 Nf6
8. Bf3 Be7 9. O-O O-O 10. Nbc3 a6 11. Bf4 Bd7 12. Re1 Rc8 13. a3 h6 14. Qd3
Qa5 15. h3 Rfd8 16. Ne4 Nxe4 17. Bxe4 Be8 18. Qg3 Bg5 19. Bxg5 Qxg5 20.
Qxg5 hxg5 21. Red1 Kf8 22. d5 exd5 23. Bxd5 Rd6 24. Nc3 Rcd8 25. Bf3 Nd4
26. Rd3 Nxf3+ 27. Rxf3 Bc6 28. Re3 Rd2 29. b4 R8d4 30. Rae1 f6 31. Ne4 Ra2
32. Ng3 Rdd2 33. R1e2 Rxe2 34. Nxe2 Ra1+ 35. Kh2 Rf1 36. f3 Re1 37. Kg3 Bb5
38. Kf2 Ra1 39. Nd4 Ra2+ 40. Kg1 Bd7 41. Ne6+ Bxe6 42. Rxe6 Rxa3 43. Rb6
1/2-1/2

[Event "36th Olympiad w"]
[Site "Calvia ESP"]
[Date "2004.10.23"]
[Round "8"]
[White "Macek,V"]
[Black "Mongeau,D"]
[Result "1-0"]
[WhiteElo "2230"]
[BlackElo "2079"]
[EventDate "2004.10.15"]

1. d4 d5 2. c4 e6 3. Nc3 c6 4. e3 f5 5. Nf3 Nf6 6. g3 Bd6 7. Bg2 O-O 8. O-O
Bd7 9. b3 Be8 10. Bb2 Nbd7 11. Ne2 Bh5 12. Nf4 Bxf3 13. Qxf3 Qe8 14. Qe2 e5
15. dxe5 Bxe5 16. cxd5 cxd5 17. Nxd5 Rb8 18. Rfd1 Bxb2 19. Qxb2 Kh8 20.
Nxf6 Nxf6 21. Rd4 b6 22. Rad1 Qe5 23. Qa3 g6 24. Qd6 Qxd6 25. Rxd6 Kg7 26.
h3 Rf7 27. Bf3 Rbf8 28. Bc6 Re7 29. b4 g5 30. b5 h5 31. R1d4 Ref7 32. Kf1
Re7 33. Ke2 Re5 34. Kd3 Re7 35. Rd8 Rxd8 36. Rxd8 Kf7 37. f3 Kg7 38. e4
fxe4+ 39. fxe4 h4 40. gxh4 gxh4 41. Kd4 Nh5 42. Ke3 Ng3 43. Kf3 Kf6 44. Rh8
Kg5 45. Rg8+ Kf6 46. Rg4 Rh7 47. Kf4 Ne2+ 48. Ke3 Nc3 49. Kd4 Nxa2 50. e5+
Ke7 51. Be4 Rh8 52. Rg7+ Ke6 53. Bd5+ 1-0

[Event "36th Olympiad w"]
[Site "Calvia ESP"]
[Date "2004.10.23"]
[Round "8"]
[White "Van der Merwe,C"]
[Black "Ptacnikova,L"]
[Result "1/2-1/2"]
[WhiteElo "2059"]
[BlackElo "2257"]
[EventDate "2004.10.15"]

1. e4 c5 2. Nf3 Nc6 3. Bb5 g6 4. c3 Nf6 5. Qe2 a6 6. Bxc6 dxc6 7. d3 Bg7 8.
O-O O-O 9. h3 Nd7 10. Be3 e5 11. Nbd2 a5 12. Rfd1 Qe7 13. Nh2 b6 14. f4
exf4 15. Bxf4 Ba6 16. Ndf3 Rfe8 17. Re1 Rad8 18. Rad1 Ne5 19. Nxe5 Bxe5 20.
Bxe5 Qxe5 21. Ng4 Qe6 22. e5 Kg7 23. Qe3 g5 24. Nf6 Qf5 25. Nxe8+ Rxe8 26.
Qe4 Qxe4 27. Rxe4 Bc8 28. d4 c4 29. Rf1 Be6 30. Rf6 Rd8 31. Kf2 Rd5 32. h4
gxh4 33. Rxh4 Rb5 34. Ke3 Rxb2 35. Rf2 Rb1 36. g4 Rc1 37. Kd2 Ra1 38. Ke3
Rc1 39. Kd2 1/2-1/2

[Event "36th Olympiad w"]
[Site "Calvia ESP"]
[Date "2004.10.23"]
[Round "8"]
[White "Ellappen,J"]
[Black "Ingolfsdottir,H"]
[Result "0-1"]
[WhiteElo "2031"]
[BlackElo "2053"]
[EventDate "2004.10.15"]

1. e4 e6 2. d4 d5 3. Nd2 Nf6 4. e5 Nfd7 5. Bd3 c5 6. c3 Nc6 7. Ne2 cxd4 8.
cxd4 f6 9. exf6 Nxf6 10. O-O Qc7 11. Nf3 Bd6 12. Bg5 O-O 13. Ng3 Bd7 14.
Rc1 Rac8 15. a3 h6 16. Bd2 a6 17. Re1 Ng4 18. Bb1 Rf7 19. Qc2 Kf8 20. Qg6
e5 21. dxe5 Bxe5 22. Nxe5 Ngxe5 23. Qc2 Qb6 24. Rf1 Ng4 25. Be1 Nce5 26.
Bb4+ Ke8 27. Qe2 Rxc1 28. Rxc1 Rxf2 29. Bg6+ Kd8 30. Bc5 Qxb2 31. Qxb2 Rxb2
32. Bd4 Rb3 33. Bc2 Rxa3 34. h3 Rxg3 35. hxg4 Nf3+ 36. Kf2 Nxd4 0-1

[Event "36th Olympiad w"]
[Site "Calvia ESP"]
[Date "2004.10.23"]
[Round "8"]
[White "Kopinits,A"]
[Black "Lindiawati,E"]
[Result "1/2-1/2"]
[WhiteElo "2114"]
[BlackElo "2125"]
[EventDate "2004.10.15"]

1. e4 d5 2. exd5 Qxd5 3. Nc3 Qa5 4. d4 c6 5. h3 Bf5 6. Nf3 Nf6 7. Bd2 Qc7
8. Bc4 e6 9. O-O Be7 10. Ne2 Nbd7 11. Bf4 Bd6 12. Bxd6 Qxd6 13. Ng3 Bg6 14.
c3 O-O 15. Re1 Nb6 16. Bb3 Rad8 17. Ne5 Nbd7 18. Qf3 Qc7 19. h4 Nxe5 20.
dxe5 Ne8 21. h5 Bd3 22. Re3 Ba6 23. Qe4 Qe7 24. Rae1 Nc7 25. Bc2 g6 26.
hxg6 fxg6 27. c4 Qg5 28. Rd3 Rxd3 29. Bxd3 Qd2 30. Qe2 Qxe2 31. Bxe2 Rd8
32. b3 c5 33. Ne4 b6 34. Rd1 Rxd1+ 35. Bxd1 Ne8 36. Bg4 Bc8 37. a3 a5 38.
f4 h6 39. Kf2 Kf7 40. Ke3 Bb7 41. Nc3 Bc6 42. Bf3 Bd7 43. Na2 Nc7 44. b4
axb4 45. axb4 cxb4 46. Nxb4 Bc8 47. Kd4 Na6 48. Nd3 Ke7 49. Bc6 Nb8 50. Be4
Kf7 51. Kc3 Na6 52. Bc6 Nc5 53. Nxc5 bxc5 54. Kb3 Ba6 55. Be4 g5 56. fxg5
hxg5 57. Bd3 Bb7 58. g3 Bc6 59. Ka3 Kg7 60. Bc2 Kf7 61. Ba4 Bf3 62. Bc2 Bc6
63. Bd1 Kg6 64. Bg4 Kf7 65. Kb3 Ke7 66. Kc3 Be4 67. Kb3 Bc6 68. Kc3 Be4
1/2-1/2

[Event "36th Olympiad w"]
[Site "Calvia ESP"]
[Date "2004.10.23"]
[Round "8"]
[White "Hernandez,Yu"]
[Black "Lomibao,S"]
[Result "0-1"]
[WhiteElo "2201"]
[BlackElo "2089"]
[EventDate "2004.10.15"]

1. Nf3 Nf6 2. d4 g6 3. c4 Bg7 4. Nc3 O-O 5. e4 d6 6. Be2 Nc6 7. O-O e5 8.
d5 Ne7 9. b4 Ne8 10. c5 f5 11. Ng5 f4 12. Ba3 Nf5 13. Ne6 Bxe6 14. dxe6 Nd4
15. Bc4 Kh8 16. f3 dxc5 17. bxc5 c6 18. Ne2 Qa5 19. Nxd4 Qxa3 20. Nb3 b5
21. Bd5 cxd5 22. exd5 Nf6 23. e7 Rfc8 24. Rc1 a5 25. d6 a4 26. d7 Nxd7 27.
Qxd7 axb3 28. Rfd1 h6 29. axb3 Re8 30. c6 Rxe7 31. c7 Qxc1 32. Qd8+ Re8 33.
Qxe8+ Rxe8 34. Rxc1 Rc8 35. Kf1 Kg8 36. Ke2 Kf7 37. Rc6 g5 38. Kd3 Ke7 39.
Ke4 Kd7 40. Rc5 b4 41. Rb5 Bf8 42. Rd5+ Bd6 43. g4 Ke7 44. h4 Rxc7 45. hxg5
Rc3 46. Rxd6 hxg5 47. Kxe5 Rxf3 0-1

[Event "36th Olympiad w"]
[Site "Calvia ESP"]
[Date "2004.10.23"]
[Round "8"]
[White "Ribeiro,Re"]
[Black "Berend,E"]
[Result "1/2-1/2"]
[WhiteElo "2076"]
[BlackElo "2307"]
[EventDate "2004.10.15"]

1. Nf3 Nf6 2. c4 g6 3. g3 Bg7 4. Bg2 O-O 5. O-O d6 6. Nc3 Nc6 7. d3 e5 8.
Rb1 h6 9. b4 Be6 10. Ne1 d5 11. b5 Ne7 12. Ba3 Re8 13. Qa4 a6 14. Nc2 Bf8
15. Bxe7 Bxe7 16. cxd5 Nxd5 17. Nxd5 Bxd5 18. Bxd5 Qxd5 19. bxa6 bxa6 20.
Ne3 Qe6 21. Rfc1 Bd6 22. Rc3 Reb8 23. Rxb8+ 1/2-1/2

[Event "36th Olympiad w"]
[Site "Calvia ESP"]
[Date "2004.10.23"]
[Round "8"]
[White "Steil Antoni,F"]
[Black "Chaves,Joa"]
[Result "1/2-1/2"]
[WhiteElo "1936"]
[BlackElo "2046"]
[EventDate "2004.10.15"]

1. e4 e5 2. Nf3 Nc6 3. d4 exd4 4. Nxd4 Bc5 5. Be3 Qf6 6. c3 Nge7 7. g3 d5
8. Bg2 dxe4 9. Nd2 Nxd4 10. Nxe4 Qb6 11. cxd4 Qb4+ 12. Qd2 Qxd2+ 13. Nxd2
Bb4 14. a3 Bxd2+ 15. Bxd2 c6 16. O-O Be6 17. Bc3 Nd5 18. Rae1 O-O-O 1/2-1/2

[Event "36th Olympiad w"]
[Site "Calvia ESP"]
[Date "2004.10.23"]
[Round "8"]
[White "Tilenbaeva,J"]
[Black "Dengler,D"]
[Result "1/2-1/2"]
[WhiteElo "2080"]
[BlackElo "2123"]
[EventDate "2004.10.15"]

1. e4 e6 2. d4 d5 3. Nc3 Nc6 4. Nf3 Nf6 5. exd5 exd5 6. Bb5 a6 7. Bxc6+
bxc6 8. O-O Be7 9. Re1 O-O 10. Ne5 Bd7 11. Na4 h6 12. f3 Re8 13. Nd3 Bf5
14. Nac5 Nd7 15. Nxd7 Qxd7 16. Be3 Bd6 17. Qd2 Qd8 18. Bf2 Qf6 19. Rxe8+
Rxe8 20. Re1 Rxe1+ 21. Nxe1 Qg6 22. Qe2 a5 23. a4 Kf8 24. Qa6 Bxc2 25. Qxa5
Bb3 26. Qa8+ Ke7 27. a5 Qe6 28. Qb7 Bc4 29. Nc2 Qe2 30. Ne3 Kd7 31. g3 Ba6
32. Qa8 Qd2 33. Qg8 Be2 34. Qxf7+ Kc8 35. Qf5+ Kb7 36. Qc2 Qd3 1/2-1/2

[Event "36th Olympiad w"]
[Site "Calvia ESP"]
[Date "2004.10.23"]
[Round "8"]
[White "Ortiz,Na"]
[Black "Cima,R"]
[Result "0-1"]
[WhiteElo "2148"]
[BlackElo "2130"]
[EventDate "2004.10.15"]

1. e4 e5 2. Nf3 Nc6 3. Bb5 a6 4. Ba4 d6 5. O-O Nf6 6. Re1 Bg4 7. h3 Bh5 8.
c3 Be7 9. d3 O-O 10. Nbd2 Nd7 11. Nf1 Kh8 12. Ng3 Bg6 13. d4 exd4 14. cxd4
Nb6 15. Bc2 Qd7 16. d5 Ne5 17. Nd4 c5 18. Nde2 f5 19. f4 Bh4 20. exf5 Bxf5
21. fxe5 dxe5 22. Nxf5 Bxe1 23. Qxe1 Rxf5 24. Bxf5 Qxf5 25. Nc3 0-1

[Event "36th Olympiad w"]
[Site "Calvia ESP"]
[Date "2004.10.23"]
[Round "8"]
[White "Palao,M"]
[Black "Driza,A"]
[Result "1-0"]
[WhiteElo "2128"]
[BlackElo "2068"]
[EventDate "2004.10.15"]

1. d4 Nf6 2. c4 e6 3. Nc3 Bb4 4. e3 b6 5. Bd3 Bb7 6. f3 O-O 7. Nge2 d5 8.
O-O dxc4 9. Bxc4 c5 10. a3 Bxc3 11. bxc3 Nbd7 12. e4 cxd4 13. cxd4 e5 14.
Bb2 Qe7 15. Rc1 exd4 16. Qxd4 Qc5 17. Bxf7+ Rxf7 18. Rxc5 Nxc5 19. Ng3 Rd7
20. Qc4+ Kh8 21. Bxf6 Ba6 22. Qc3 Bxf1 23. Nf5 Ne6 24. Qc6 gxf6 25. Qxe6
Bb5 26. Qxf6+ Kg8 27. Nh6+ 1-0